Jacopo Strada and cultural patronage at the imperial court : the antique as innovation /

"In Jacopo Strada and Cultural Patronage at the Imperial Court: Antiquity as Innovation, Dirk Jansen provides a survey of life and career of the antiquary, architect, and courtier Jacopo Strada (Mantua 1515-Vienna 1588). His manifold activities -- also as a publisher and as an agent and artisti...

Full description

Bibliographic Details
Main Author: Jansen, Dirk Jacob, 1953- (Author)
Corporate Author: JSTOR (Organization)
Format: eBook
Language:English
Published: Leiden ; Boston : Brill, [2018]
Series:Rulers & elites : comparative studies in governance, volume 17
Subjects:
Online Access:Connect to the full text of this electronic book

MARC

Tag First Indicator Second Indicator Subfields
LEADER 00000cam a22000008i 4500
001 in00004635474
006 m o d
007 cr |||||||||||
008 180919s2018 ne ob 001 0bengd
005 20230103223455.7
010 |a  2018045256 
035 |a (OCoLC)on1054265157 
040 |a DLC  |b eng  |e rda  |c DLC  |d OCLCO  |d OCLCF  |d COO  |d OCL  |d OCLCO  |d JSTOR  |d OCLCA  |d OCLCQ  |d OCLCO 
020 |a 9789004359499  |q (E-Book) 
020 |a 9004359494 
020 |z 9789004355262 
035 |a (OCoLC)1054265157 
037 |a 22573/ctvrxs3k4  |b JSTOR 
042 |a pcc 
043 |a e------ 
050 1 0 |a D226.8.S73 
072 7 |a BIO  |x 010000  |2 bisacsh 
082 0 0 |a 709.2  |a B  |2 23 
049 |a TXAM 
100 1 |a Jansen, Dirk Jacob,  |d 1953-  |e author. 
245 1 0 |a Jacopo Strada and cultural patronage at the imperial court :  |b the antique as innovation /  |c by Dirk Jacob Jansen. 
263 |a 1810 
264 1 |a Leiden ;  |a Boston :  |b Brill,  |c [2018] 
300 |a 1 online resource 
336 |a text  |b txt  |2 rdacontent 
337 |a computer  |b c  |2 rdamedia 
338 |a online resource  |b cr  |2 rdacarrier 
490 0 |a Rulers & elites : comparative studies in governance,  |x 2211-4610 ;  |v volume 17 
520 |a "In Jacopo Strada and Cultural Patronage at the Imperial Court: Antiquity as Innovation, Dirk Jansen provides a survey of life and career of the antiquary, architect, and courtier Jacopo Strada (Mantua 1515-Vienna 1588). His manifold activities -- also as a publisher and as an agent and artistic and scholarly advisor of powerful patrons such as Hans Jakob Fugger, the Duke of Bavaria and the Emperors Ferdinand I and Maximilian II -- are examined in detail, and studied within the context of the cosmopolitan learned and courtly environments in which he moved. These volumes offer a substantial reassessment of Strada's importance as an agent of change, transmitting the ideas and artistic language of the Italian Renaissance to the North"--  |c Provided by publisher. 
504 |a Includes bibliographical references and index. 
505 0 |a Early years: family background, education, Giulio Romano -- Travel: Rome, Landshut, Nuremberg-Strada's connection with Wenzel Jamnitzer -- In Hans Jakob Fuggers's service -- 'Antiquario Della Sacra Cesarea Maesta: Strada's tasks at Court -- Jacopo Strada as an imperial architect: background -- Strada's role in projects initiated by Emperor Ferdinand I -- An Object lesson: Strada's house in Vienna -- The Munich Antiquarium -- The Neugebaude -- Other Patrons of architecture. 
588 0 |a Print version record and CIP data provided by publisher; resource not viewed. 
600 1 0 |a Strada, Jacobus,  |d 1507-1588. 
600 1 7 |a Strada, Jacobus,  |d 1507-1588.  |2 fast  |0 (OCoLC)fst01801625 
650 0 |a Antiquarians  |z Europe  |v Biography. 
650 0 |a Architects  |z Europe  |v Biography. 
651 0 |a Europe  |x Court and courtiers  |v Biography. 
650 0 |a Art patronage  |z Europe  |x History  |y 16th century. 
650 0 |a Renaissance. 
650 6 |a Spécialistes d'histoire ancienne  |z Europe  |v Biographies. 
650 6 |a Architectes  |z Europe  |v Biographies. 
651 6 |a Europe  |x Cours et courtisans  |v Biographies. 
650 6 |a Mécénat  |z Europe  |x Histoire  |y 16e siècle. 
650 6 |a Renaissance. 
650 7 |a Renaissance.  |2 aat 
650 7 |a BIOGRAPHY & AUTOBIOGRAPHY / Political  |2 bisacsh 
650 7 |a Antiquarians.  |2 fast  |0 (OCoLC)fst00810687 
650 7 |a Architects.  |2 fast  |0 (OCoLC)fst00813114 
650 7 |a Art patronage.  |2 fast  |0 (OCoLC)fst00815756 
650 7 |a Courts and courtiers.  |2 fast  |0 (OCoLC)fst00881829 
650 7 |a Renaissance.  |2 fast  |0 (OCoLC)fst01094518 
651 7 |a Europe.  |2 fast  |0 (OCoLC)fst01245064 
648 7 |a 1500-1599  |2 fast 
655 7 |a Electronic books.  |2 local 
655 2 |a Biography 
655 7 |a Biographies.  |2 fast  |0 (OCoLC)fst01919896 
655 7 |a History.  |2 fast  |0 (OCoLC)fst01411628 
655 7 |a Biographies.  |2 lcgft 
655 7 |a Biographies.  |2 rvmgf 
710 2 |a JSTOR (Organization) 
776 0 8 |i Print version:  |a Jansen, Dirk Jacob, 1953-  |t Jacopo Strada and cultural patronage at the imperial court.  |d Leiden ; Boston : Brill, [2018]  |z 9789004355262  |w (DLC) 2018039656 
856 4 0 |u https://www.jstor.org/stable/10.1163/j.ctvrxk48r  |z Connect to the full text of this electronic book  |t 0 
955 |a JSTOR Open Access ebooks 
994 |a 92  |b TXA 
999 f f |s 60d471b4-16a7-4004-bcc5-678510037fa7  |i a0c3865f-aba0-4cb0-8633-1b00bd635dd1  |t 0 
952 f f |a Texas A&M University  |b College Station  |c Electronic Resources  |d Available Online  |t 0  |e D226.8.S73   |h Library of Congress classification 
998 f f |a D226.8.S73   |t 0  |l Available Online